000 00931nam a22003377a 4500
001 0056234
003 KOHA_MİRAKIL
005 20260207004042.0
007 ta
008 160308b2013 tu |||gr||||#||||1|tur |
020 _a9786055782597
040 _aTR-BiSEU
_btur
_cTR-BiSEU
_erda
041 0 _atur
044 _ctu
050 _aP90
_b.G86 2013
100 1 _aGüngör, Nazife.
245 1 _aİletişime giriş/
_cNazife Güngör ; Nazife Güngör.
250 _a2. Baskı.
264 1 _aAnkara :
_bSiyasal Kitabevi
_c2013
300 _a304 sayfa: resimli; 24 cm.
336 _ametin
_btxt
_2rdacontent
337 _aaracısız
_bn
_2rdamedia
338 _acilt
_bnc
_2rdacarrier
500 _aDizin var.
500 _aKaynakça var.
650 0 _aİletişim.
_93605
650 0 _aKitle iletişim araçları.
_910219
650 0 _aCommunication.
_93603
650 0 _aMass media.
_910223
942 _2lcc
_cBK
999 _c56042
_d56042